| 000 | 00583nam a22002057a 4500 | ||
|---|---|---|---|
| 999 |
_c1581 _d1581 |
||
| 001 | 13114 | ||
| 003 | BD-DhUAP | ||
| 005 | 20200210130113.0 | ||
| 008 | 200210s2009 bg ||||| |||| 00| 0 eng d | ||
| 020 | _a9843000031848 | ||
| 040 |
_aBD-DhUAP _bEng _cBD-DhUAP _dBD-DhUAP |
||
| 082 |
_223 _a346.54920436 AHA |
||
| 100 | _aAhamuduzzaman. | ||
| 245 |
_aLaw on transfer of property / _cAhamuduzzaman. |
||
| 260 |
_aDhaka : _bBooks 4 U, _c2009. |
||
| 300 |
_axxvi, 319 pages ; _c22 cm. |
||
| 650 |
_aTransfer (Law) _zBangladesh. |
||
| 650 |
_aProperty _zBangladesh. |
||
| 942 |
_2ddc _cBK |
||